Tous les titres des albums d'Orelsan et des Casseurs Flowters - Statistiques

Statistiques générales
  • Ce quiz a été pris 237 fois
  • Le résultat moyen est 40 sur 81
Statistiques - réponses
Réponse % Correct
Le chant des sirènes
85%
Défaite de famille
77%
15h02 - Regarde comme il fait beau
76%
Inachevés
76%
La fête est finie
75%
Basique
74%
Changement
74%
Jimmy Punchline
74%
San
73%
Perdu d'avance
72%
Paradis
69%
Raelsan
69%
Suicide Social
69%
06h16 - Des histoires à raconter
68%
Ils sont cools (Orelsan & Gringe)
68%
La terre est ronde
68%
Notes pour trop tard (feat; Ibeyi)
68%
La pluie (feat. Stromae)
67%
16h22 - Deux connards dans un abribus
65%
Si seul
64%
A l'heure où je me couche
63%
Tout va bien
63%
Christophe (feat. Maïtre Gims)
62%
Si Facile
62%
18h30 - Bloqué
61%
Plus rien ne m'étonne
60%
Zone (feat. Nekfeu & Dizzee Rascal)
59%
La lumière
58%
Dans ma ville on traîne
56%
Gros poisson dans une petite mare
56%
Différent
55%
Double Vie
55%
Pour le pire
55%
01h16 - Les putes et moi
54%
22h31 - Fais les backs
53%
Bonne meuf
53%
01h47 - Change de pote
52%
2010
52%
Finir Mal
52%
50 Pourcents
51%
03h53 - Manger c'est tricher
49%
Étoiles invisibles
49%
1990
48%
19h26 - La mort du disque
48%
Wondercash
48%
La petite marchande de porte-clefs
47%
Courez Courez
46%
Peur de l'échec (feat. Ron Thal)
46%
La Morale
44%
Mauvaise idée
44%
No Life
44%
J'essaye, J'essaye
43%
15h45 - Stupide¡ Stupide¡ Stupide¡
42%
Logo dans le ciel
42%
Quand est-ce que ça s'arrête
42%
Soirée Ratée
42%
Elle viendra quand même
41%
Quand ton père t'engueule
39%
04h41 - Greenje et Orselane
38%
Entre bien et mal (feat. Gringe)
38%
C'est toujours 2 connards dans un abribus
37%
Des trous dans la tête
35%
Pas n'importe quel toon
35%
16h00 - Tu m'dois d'l'oseille
34%
17h04 - Prends des pièces
34%
Freestyle Radio Phoenix
34%
Le mal est fait
32%
Xavier
32%
01h25 - Johnny Galoche
31%
20h08 - Dans la place pour être
31%
20h13 - La nouvelle paire
31%
14h58 - Casseurs Flowters Opening
30%
01h14 - Couplet de Claude (Interlude)
28%
En Boucle
28%
Nouvelle Journée
21%
Faut qu'on rentre bosser
20%
Quand on descend vers le centre
17%
Vizioz (Titre Bonus)
15%
Promenade imprévue
12%
On est resté à l'hôtel
11%
Au bout du compte
6%
Aucun quiz correspondant
Distribution des résultats
% des personnes avec chaque résultat
Percentile par nombre de réponses
Votre historique - résultats
Vous n’avez pas pris ce quiz